Liste des Pokémon de type Plante - Statistiques

Statistiques générales
  • Ce quiz a été pris 3 823 fois
    251 depuis la dernière actualisation
  • Le résultat moyen est 108 sur 132
Statistiques - réponses
Pokémon % Correct
Bulbizarre
99%
Germignon
99%
Arcko
98%
Florizarre / Méga-Florizarre
98%
Herbizarre
98%
Jungko / Méga-Jungko
98%
Méganium / Méga-Méganium
98%
Torterra
98%
Tortipouss
98%
Macronium
97%
Massko
97%
Boskara
96%
Brindibou
96%
Lianaja
96%
Mystherbe
96%
Rafflesia
96%
Majaspic
95%
Ortide
95%
Archéduc / Archéduc de Hisui
94%
Ludicolo
94%
Nénupiot
94%
Vipélierre
94%
Chétiflor
93%
Efflèche
93%
Empiflor / Méga-Empiflor
93%
Lombre
93%
Marisson
93%
Tengalice
93%
Blindépique / Méga-Blindépique
92%
Boustiflor
92%
Grainipiot
92%
Pifeuil
92%
Arceus (Plante)
91%
Poussacha
90%
Viridium
90%
Roserade
89%
Tropius
89%
Boguérisse
88%
Cotovol
88%
Floravol
88%
Granivol
88%
Miascarade
88%
Rosélia
88%
Rozbouton
88%
Couverdure
87%
Farfaduvet
87%
Gorythmic
87%
Joliflor
87%
Lilia
87%
Manternel
87%
Noadkoko / Noadkoko d'Alola
87%
Paras
87%
Parasect
87%
Larveyette
86%
Phyllali
86%
Doudouvet
85%
Ouistempo
85%
Vivaldaim
85%
Balignon
84%
Bouldeneu
84%
Chapignon
84%
Noeunoeuf
84%
Vacilys
84%
Badabouin
83%
Brocélôme
83%
Cacnea
83%
Cacturne
83%
Celebi
83%
Desséliande
83%
Fragilady / Fragilady de Hisui
83%
Saquedeneu
83%
Silvallié (Type : Plante)
83%
Grindur
82%
Haydaim
82%
Héliatronc
82%
Matourgeon
82%
Noacier
82%
Shaymin
82%
Trompignon
82%
Chlorobule
81%
Chevroum
80%
Feuillajou
80%
Gaulet
80%
Pitrouille
80%
Tournegrin
80%
Vortente
80%
Banshitrouye
79%
Ceribou
79%
Ceriflor
79%
Dratatin
79%
Blizzaroi / Méga-Blizzaroi
78%
Blizzi
78%
Cabriolaine
78%
Feuiloutan
78%
Olivini
78%
Pomdrapi
78%
Verpom
77%
Arboliva
76%
Scovilain / Méga-Scovilain
76%
Floramantis
74%
Mimantis
74%
Olivado
74%
Zarude
74%
Croquine
73%
Katagami
73%
Pimito
73%
Sucreine
73%
Vert-de-Fer
73%
Candine
72%
Motisma Tonte
72%
Pomdorochi
72%
Lampignon
70%
Maracachi
70%
Pomdramour
70%
Ogerpon
68%
Spododo
68%
Blancoton
67%
Cheniselle (Cape Plante)
66%
Fongus-Furie
66%
Tokotoro
64%
Électrode de Hisui
63%
Sinistrail
63%
Tournicoton
63%
Voltorbe de Hisui
63%
Chongjian
58%
Sylveroy (Forme Normale)
58%
Virovent
58%
Terracool
57%
Terracruel
57%
Virevorreur
57%
Poltchageist
53%
Théffroyable
49%
Aucun quiz correspondant
Distribution des résultats
% des personnes avec chaque résultat
Percentile par nombre de réponses
Votre historique - résultats
Vous n’avez pas pris ce quiz depuis la dernière actualisation